Statistics for Harry Potter Places

Click here to take the quiz!

General Stats

  • This quiz has been taken 90,298 times
  • The average score is 14 of 19

Answer Stats

HintPlace% Correct
Harry Potter's schoolHogwarts
100%
Magical street in London{Diagon} Alley
92%
Prison in which
Sirius Black was held
Azkaban
91%
Pub on this streetThe Leaky {Cauldron}
88%
The wizarding bankGringotts
86%
Where the basilisk livedChamber of Secrets
84%
Dursley's street{Privet} Drive
83%
Where Harry's parents lived{Godric}'s Hollow
78%
London station where
platform 9 ¾ can be found
King's Cross
76%
Britain's most haunted buildingThe {Shrieking} Shack
72%
Village inhabited by only
magical beings
Hogsmeade
71%
The other pubThe Hog's {Head}
71%
Pub in this villageThe Three {Broomsticks}
71%
Name of the Weasley's homeThe {Burrow}
67%
The other two schools in the Triwizard tournamentDurmstrang
64%
The other two schools in the Triwizard tournamentBeauxbatons
57%
Dursley's townLittle {Whinging}
54%
Residence of the Black family12 {Grimmauld} Place
47%
The owl emporiumEeylops
22%

Score Distribution

Percentile by Number Answered

Percent of People with Each Score

Your Score History

You have not taken this quiz